Normal view
MARC view
Entry Topical Term
001 - CONTROL NUMBER
- control field: 37579
003 - CONTROL NUMBER IDENTIFIER
- control field: ARRUPE
005 - DATE AND TIME OF LATEST TRANSACTION
- control field: 20171114094828.0
008 - FIXED-LENGTH DATA ELEMENTS
- fixed length control field: 171114|| aca||aabn | a|a d
040 ## - CATALOGING SOURCE
- Original cataloging agency: ARRUPE
- Transcribing agency: ARRUPE
150 ## - HEADING--TOPICAL TERM
- Topical term or geographic name as entry element: Love.
670 ## - SOURCE DATA FOUND
- Source citation: Work cat.: (ARRUPE)0: Lewis, C. S. (Clive Staples), 1898-1963. 21448, The four loves., [1960]